Central Library OPAC University of Rajshahi

গৌড়ের ইতিহাস : (Record no. 76923)

MARC details
000 -LEADER
fixed length control field 01157nam a22002417a 4500
001 - CONTROL NUMBER
control field 76923
003 - CONTROL NUMBER IDENTIFIER
rucl marc code BD-RjUL
005 - DATE AND TIME OF LATEST TRANSACTION
control field 20211209082915.0
008 - FIXED-LENGTH DATA ELEMENTS--GENERAL INFORMATION
fixed length control field 200206s2019 bg ||||| |||| 00| 0 ben d
020 ## - INTERNATIONAL STANDARD BOOK NUMBER
International Standard Book Number 9789849395263
035 ## - SYSTEM CONTROL NUMBER
System control number (BD-RjUL)77147
040 ## - CATALOGING SOURCE
Original cataloging agency BD-RjUL
Language of cataloging eng
Transcribing agency BD-RjUL
041 ## - LANGUAGE CODE
Language code of text/sound track or separate title eng
082 ## - DEWEY DECIMAL CLASSIFICATION NUMBER
Edition number 23
Classification number 954.14
100 ## - MAIN ENTRY--PERSONAL NAME
Personal name চক্রবর্ত্তী, শ্রীরজনীকান্ত
9 (RLIN) 238915
245 ## - TITLE STATEMENT
Title গৌড়ের ইতিহাস :
Remainder of title হিন্দুরাজত্ব ও মুসলমান-রাজত্ব (অখণ্ড) /
Statement of responsibility, etc. শ্রীরজনীকান্ত চক্রবর্ত্তী ; সংগ্রহ, সংকলন ও সম্পাদনা মাহবুব সিদ্দিকী
260 ## - PUBLICATION, DISTRIBUTION, ETC. (IMPRINT)
Place of publication, distribution, etc. ঢাকা :
Name of publisher, distributor, etc. দিব্য প্রকাশ,
Date of publication, distribution, etc. ২০১৯
300 ## - PHYSICAL DESCRIPTION
Pagination ৫০২ পৃ. ;
Size ২২ সেমি.
504 ## - BIBLIOGRAPHY, ETC. NOTE
Bibliography, etc বিবলিওগ্রাফি ও ইনডেক্স সম্বলিত।
651 ## - SUBJECT ADDED ENTRY--GEOGRAPHIC NAME
Geographic name Bengal (India)
General subdivision History
9 (RLIN) 238916
700 ## - ADDED ENTRY--PERSONAL NAME
Personal name সিদ্দিকী, মাহবুব
942 ## - ADDED ENTRY ELEMENTS (KOHA)
Source of classification or shelving scheme Dewey Decimal Classification
Koha item type Books
Holdings
Lost status Source of classification or shelving scheme Damaged status Not for loan Permanent Location Current Location Shelving location Date acquired Source of acquisition Cost, normal purchase price Total Checkouts Full call number Date last seen Copy number Koha item type
  Dewey Decimal Classification   Not For Loan Central Library, University of Rajshahi Central Library, University of Rajshahi Reading Room 08/12/2019 Heritage Rajshahi 750.00   B 954.14 CHG 2019 06/02/2020 C-1 Books
  Dewey Decimal Classification     Central Library, University of Rajshahi Central Library, University of Rajshahi   08/12/2019 Heritage Rajshahi 750.00   B 954.14 CHG 2019 06/02/2020 C-2 Books